| 000 | 00797nam1a22002411i 4500 | ||
|---|---|---|---|
| 001 | rc\216431 | ||
| 005 | 20240723214045.0 | ||
| 010 | _a5300009563 | ||
| 035 | _a(NLR Aleph) 005623264 | ||
| 090 |
_a6513111 _c6513111 |
||
| 100 | _a20030307d1997 u |0rusy50 ca | ||
| 101 | 0 | _arus | |
| 102 | _aRU | ||
| 105 | _ay ||||||||| | ||
| 200 | 1 |
_aСочинения _eВ 2 т. _e[Пер. с англ.] _fЧ. Вильямс _g[Худож. Г. Мацыгин, А. Капнинский] |
|
| 210 |
_aМ. _cТерра _d1997 |
||
| 215 | _d22 | ||
| 225 | 1 | _aБольшая библиотека приключений и научной фантастики | |
| 700 | 1 |
_aВильямс _bЧ. _f1909-1975 _gЧарльз |
|
| 801 | 0 |
_aRU _bNLR _gpsbo |
|
| 801 | 1 |
_aRU _bELAR _2rusmarc |
|
| 852 |
_aNLR _j96-5/4072 |
||
| 942 | _cBOOK | ||